Guerra del tiempo y otros relatos del tiempo / (Record no. 18112)
[ view plain ]
| 000 -CABECERA | |
|---|---|
| campo de control de longitud fija | 00571nam a2200181 a 4500 |
| 001 - NÚMERO DE CONTROL | |
| campo de control | 000018592 |
| 005 - FECHA Y HORA DE LA ÚLTIMA TRANSACCIÓN | |
| campo de control | 20200929165828.0 |
| 008 - DATOS DE LONGITUD FIJA--INFORMACIÓN GENERAL | |
| campo de control de longitud fija | 751202s1987 cu a 000 f spa d |
| 040 ## - FUENTE DE LA CATALOGACIÓN | |
| Centro catalogador/agencia de origen | DO-SdBNP |
| Lengua de catalogación | spa |
| Centro/agencia modificador | BNPHU |
| 082 ## - NÚMERO DE LA CLASIFICACIÓN DECIMAL DEWEY | |
| Número de clasificación | Cu863.44 |
| Número de documento/Ítem | C297g |
| 100 1# - ENTRADA PRINCIPAL--NOMBRE DE PERSONA | |
| Nombre de persona | Carpentier, Alejo, |
| Fechas asociadas al nombre | 1904-1980. |
| 9 (RLIN) | 8634 |
| 245 10 - MENCIÓN DE TÍTULO | |
| Título | Guerra del tiempo y otros relatos del tiempo / |
| Mención de responsabilidad, etc. | Alejo Carpier. |
| 260 ## - PUBLICACIÓN, DISTRIBUCIÓN, ETC. | |
| Lugar de publicación, distribución, etc. | La Habana, Cuba : |
| Nombre del editor, distribuidor, etc. | Letras Cubanas, |
| Fecha de publicación, distribución, etc. | 1987. |
| 300 ## - DESCRIPCIÓN FÍSICA | |
| Extensión | 213 p. : |
| Otras características físicas | il. ; |
| Dimensiones | 18 cm. |
| 490 1# - MENCIÓN DE SERIE | |
| Mención de serie | Giraldilla |
| 650 #4 - PUNTO DE ACCESO ADICIONAL DE MATERIA--TÉRMINO DE MATERIA | |
| Término de materia o nombre geográfico como elemento de entrada | Novela cubana |
| 9 (RLIN) | 2316 |
| 650 #4 - PUNTO DE ACCESO ADICIONAL DE MATERIA--TÉRMINO DE MATERIA | |
| Término de materia o nombre geográfico como elemento de entrada | Literatura cubana |
| Subdivisión cronológica | SIGLO XX |
| 9 (RLIN) | 9186 |
| Estado de retiro | Estado de pérdida | Restricciones de uso | No para préstamo | Código de colección | Localización permanente | Ubicación/localización actual | Ubicación en estantería | Fecha de adquisición | Número de inventario | Total de préstamos | Signatura topográfica completa | Código de barras | Fecha visto por última vez | Precio válido a partir de | Tipo de ítem Koha | Número de copia |
|---|---|---|---|---|---|---|---|---|---|---|---|---|---|---|---|---|
| Monografías: Libros y Folletos | General | General | Depósito | 12.05.2010 | LF1 | Cu863.44 C297g | 18592-10 | 25.06.2020 | 25.06.2020 | Préstamo en sala | ||||||
| Extraviado | Excluido de préstamo | Monografías: Libros y Folletos | General | General | Extraviado | 04.04.2017 | LF1 | Cu863.44 C297g | 18592-20 | 25.06.2020 | 25.06.2020 | No se presta | e. 2 |
